000 00416nam a2200181Ia 4500
001 9013
005 20260306160652.0
008 260306t2008||||xx |||||||||||||| ||spa||
041 _aESP
082 _a372.216
_bJ13 T. 2
100 _aJacubovich, Martha
_eAUT
245 0 _aEscuela maternal
260 _c2008
300 _a319 páginas :
_c28 cm.
650 _aGEN
654 _aCED
942 _cLIB
_dJUS
_fJUS
_2ddc
_n
999 _c9013
_d9013